Charakterizácia tokajských vín fluorescenčnou spektrometriou diplomová práca

Na minha lista:
Detalhes bibliográficos
Autor principal: Dobóová, Kinga
Formato: Livro
Idioma:eslovaco
Publicado em: Bratislava STU FCHPT 2018
Acesso em linha:View in OPAC
Tags: Adicionar Tag
Sem tags, seja o primeiro a adicionar uma tag!

MARC

LEADER 00000nam a2200000 a 4500
005 20260127134159.0
008 180601 2018 xo a 001 0 slo d
035 |a vtls011759706 
039 9 |y 201806011140  |z mschk03 
040 |a STUSCHK1  |b slo  |c STUSCHK1  |e AACR2 
100 1 |a Dobóová, Kinga 
245 1 |a Charakterizácia tokajských vín fluorescenčnou spektrometriou  |b diplomová práca  |c Kinga Dobóová 
260 |a Bratislava  |b STU FCHPT  |c 2018 
300 |a 57 s.  |b il.  |c 25 cm 
500 |a Študijný program: technická chémia 
500 |a Študijný odbor: analytická chémia 
500 |a Školiace pracovisko: Ústav analytickej chémie 
500 |a Evid. číslo: FCHPT-104542-64967 
500 |a Dátum obhajoby: 28.5.2018 
910 |a SCHK95 
999 |c 6027  |d 6027